00630cam a22002537a 4500003000500000005001700005008004100022010001000063011001000073020001500083035001000098040000900108082001800117110000800135245005800143260002400201300002000225410000800245490003800253650002100291700001800312810000800330830003800338CHAP20220817043448.0980819d1995 it a r 11 eng d a75913 a76885 a9251037590 a86480 cCHAP a630bF3 v.1222 aFAO10aHarvesting of textile animal fibresc/by O. J. Petrie aRome :bFAO,c1995. a101 p. :bilus. aFAO 0aFAO. Servicios agrícolasv; 12214aFibras textiles.0 aPetrie, O. J.0 aFAO00aFAO. Servicios agrícolasv; 122